Recuperação de empresas e falência / (Record no. 766)

MARC details
000 -LÍDER
Campo Fixo de Controle 01058nam a2200289 a 4500
001 - NÚMERO DE CONTROLE
Campo de Controle 766
003 - IDENTIFICAÇÃO DO NÚMERO DE CONTROLE
Campo de Controle BR-CuiBMT
005 - DATA E HORA DA ÚLTIMA ATUALIZAÇÃO
Campo de Controle 20231129143632.0
008 - DADOS FIXOS
Dados Fixos 231116s2014 spb 000 0 por d
040 ## - AGÊNCIA CATALOGADORA
Código da Agência Catalogadora BR-CuiBMT
Agência que transcreveu o registro BR-CuiBMT
080 ## - Nº DA CLASSIFICAÇÃO DECIMAL UNIVERSAL
Nº Class. CDU 347.736
Nº edição CDU 2007
090 ## - NÚMERO DE CHAMADA
Nº classificação 347.736
Cutter R311
245 00 - TÍTULO PRINCIPAL
Título principal Recuperação de empresas e falência /
Subtítulo aspectos práticos e relevantes da Lei nº 11.101/05.
Indicação de responsabilidade organizadores Alexandre Alves Lazzarini, Thais Kodama, Paulo Calheiros ; [autores: Daniela Lee ... et al.]
260 ## - PUBLICAÇÃO, DISTRIBUIÇÃO, ETC.
Local de publicação São Paulo :
Editora Quartier Latin,
Data 2014.
300 ## - DESCRIÇÃO FÍSICA
N. páginas ou volumes 354 p. ;
Dimensões 23 cm
500 ## - NOTAS GERAIS
Notas gerais Vários autores.
504 ## - NOTA DE BIBLIOGRAFIA, ETC.
Nota de bibliografia inclui bibliografia.
650 ## - ASSUNTO TÓPICO
Cabeçalho tópico ou nome geográfico Direito falimentar
650 ## - ASSUNTO TÓPICO
Cabeçalho tópico ou nome geográfico Administração judicial
Subdivisão geral Processo falimentar
650 ## - ASSUNTO TÓPICO
Cabeçalho tópico ou nome geográfico Recuperação judicial
Subdivisão geral Tutelas de urgência
650 ## - ASSUNTO TÓPICO
Cabeçalho tópico ou nome geográfico Recuperação extrajudicial
Subdivisão geral Aspectos gerais
700 ## - ENTRADA SECUNDÁRIA -- NOME PESSOAL
Nome pessoal Lazzarini, Alexandre Alves
Cód. do termo explicativo org.
700 ## - ENTRADA SECUNDÁRIA -- NOME PESSOAL
Nome pessoal Kodama, Thais
Cód. do termo explicativo org.
700 ## - ENTRADA SECUNDÁRIA -- NOME PESSOAL
Nome pessoal Calheiros, Paulo
Cód. do termo explicativo org.
700 ## - ENTRADA SECUNDÁRIA -- NOME PESSOAL
Nome pessoal Lee, Daniela
Termo de relação [et al.]
-- autores
942 ## - ELEMENTOS DE ENTRADA ADICIONAIS (KOHA)
Fonte de classificação ou esquema de arquivamento Classificação Decimal Universal
Tipo de item do Koha Livros
Holdings
Estado: removido Estado: perdido Fonte de classificação ou esquema de arquivamento Estado: danificado Indisponível para empréstimo Localização permanente Localização atual Data de aquisição Total Checkouts Número de Chamada completo Código de barras Date last seen Número do exemplar Preço efetivo a partir de Tipo de item (Koha)
    Classificação Decimal Universal     Biblioteca da Escola Superior de Contas do TCE/MT Biblioteca da Escola Superior de Contas do TCE/MT 16/11/2023   347.736 R311 BIBTCEMT23110671 16/11/2023 Ex. 1 16/11/2023 Livros

Powered by Koha